| 000 | 00465 a2200133 4500 | ||
|---|---|---|---|
| 001 | 92436 | ||
| 082 | _a891.4393 MAS | ||
| 090 |
_c44409 _d44410 |
||
| 100 | _aDirectorate of films & Publication, Gove of Pakistan | ||
| 245 | _aWahdat Afkaar; alaqai zubanoo ke qadeem wa jadeed sheri adab ka intikhab | ||
| 260 |
_aIslamabad _bDirectorate of films & Publication, Gove of Pakistan _c[n. d] |
||
| 300 | _a691 p. | ||
| 810 | _alocal languages-history and literature | ||
| 942 |
_aCAE NUST _k891.4393 MAS |
||
| 999 |
_c327509 _d327509 |
||